| 000 | 00596nam a22001937a 4500 | ||
|---|---|---|---|
| 999 |
_c179468 _d179468 |
||
| 005 | 20210614154045.0 | ||
| 010 | _aUR-11140 | ||
| 020 |
_c200.00 _a- |
||
| 035 | _aU-9695 | ||
| 037 | _bDBAD/PUB | ||
| 082 | _aک | ||
| 100 | _aجميل نظا م آ با د ی | ||
| 245 |
_aسچ بو لتے ا فسا نے _cجميل نظا م آ با د ی |
||
| 246 |
_aSuch Bolte Afsane (Urdu) _bby Jameel Nizam Abadi |
||
| 260 |
_aTilangana _c2020 ء _bGoonj Publications |
||
| 270 |
_a9-19+64/AMiley Pali, _bNizamabad _e503001 _l- |
||
| 300 |
_a112 ص _c22 Cm(Hb) |
||
| 942 |
_2ddc _cUR _hک _mج م ی |
||